1912年以来与中国接壤的国家 - Statistics

General Stats
  • This quiz has been taken 479 times
  • The average score is 20 of 24
Answer Stats
时间 国名 % Correct
1945– 朝鲜
97%
1922–1991 苏维埃联盟
95%
1976– 越南社会主义共和国
95%
1924– 蒙古
94%
1947– 印度
94%
1991– 哈萨克斯坦
94%
1991– 吉尔吉斯斯坦
93%
1948– 缅甸
92%
1991– 俄罗斯联邦
92%
1991– 塔吉克斯坦
92%
1905–1945 日本帝国
89%
1953– 老挝
89%
1923– 尼泊尔
88%
1947– 巴基斯坦
88%
1949– 不丹
87%
1919– 阿富汗
86%
1842–1997 英国
85%
1887–1999 葡萄牙
78%
1898–1946 法国
78%
1689–1917 俄罗斯帝国
76%
1897–1914 德意志帝国
72%
1947–1975 锡金
65%
1942–1945 泰国
48%
1945–1976 越南民主共和国(北越)
35%
No matching quizzes found
Score Distribution
Percent of People with Each Score
Percentile by Number Answered
Your Score History
You have not taken this quiz